Filosofía y ciencia en la Unión Soviética /

Guardado en:
Autor Principal: Wetter, Gustav A.
Formato: Libro
Idioma:Spanish
Publicado: Madrid : Guadarrama, 1968.
Series:Punto omega, 9
Materias:
Etiquetas: Agregar Etiqueta
Sin Etiquetas, Sea el primero en etiquetar este registro!
LEADER 00521nam a22001815a 4500
001 EUN.um004586
003 AR-BaUNS
005 20050623122851.0
008 041125s1968####sp############000#0#spa#d
245 1 0 |a Filosofía y ciencia en la Unión Soviética /  |c Gustav A. Wetter. 
260 |a Madrid :  |b Guadarrama,  |c 1968. 
300 |a 273 p. 
490 0 |a Punto omega, 9 
100 1 |a Wetter, Gustav A. 
082 0 4 |a 146.07 
653 |a Filosofia rusa 
653 |a Urss 
859 |a Ar-BaUNS  |b BIB. CENTRAL - Sector C  |h 146.07  |i W536-2  |p 65625/973